Statistics for Civilization 6 American Cities

Click here to take the quiz!

General Stats

  • This quiz has been taken 15 times
  • The average score is 31 of 40

Answer Stats

Answer% Correct
Washington
100%
Boston
100%
New Orleans
100%
Detroit
100%
Miami
100%
Jacksonville
100%
Los Angeles
91%
Seattle
91%
San Francisco
91%
San Antonio
91%
Portland
91%
Pittsburgh
91%
Phoenix
91%
Philadelphia
91%
New York
91%
Nashville
91%
Minneapolis
91%
Las Vegas
91%
Buffalo
91%
Houston
91%
Denver
91%
Dallas
91%
Chicago
91%
Atlanta
82%
Cleveland
82%
St. Louis
82%
Baltimore
82%
San Jose
82%
Kansas City
82%
San Diego
73%
Albuquerque
73%
Cincinnati
73%
Richmond
64%
Boise
64%
Charleston
55%
Providence
45%
San Juan
27%
Springfield
27%
Sparks
9%
Centralia
0%

Score Distribution

Percentile by Number Answered

Percent of People with Each Score

Your Score History

You have not taken this quiz